000 00365nam a22001457a 4500
003 OSt
005 20260217075554.0
008 260217b |||||||| |||| 00| 0 eng d
020 _a9781947949676
040 _aSEKU
050 _aHG 8051
_b.D39
245 _aFundamentals of insurance./ theories principles and practices
650 _2Insurance
942 _2lcc
_cGEN
999 _c18762
_d18762